Introduction to Autonomous Mobile Robots (Record no. 5947)

MARC details
000 -LEADER
fixed length control field 00498nam a22001817a 4500
003 - CONTROL NUMBER IDENTIFIER
control field OSt
005 - DATE AND TIME OF LATEST TRANSACTION
control field 20180116183922.0
008 - FIXED-LENGTH DATA ELEMENTS--GENERAL INFORMATION
fixed length control field 180116b xxu||||| |||| 00| 0 eng d
020 ## - INTERNATIONAL STANDARD BOOK NUMBER
International Standard Book Number 9780262195027
040 ## - CATALOGING SOURCE
Transcribing agency DDC
082 ## - DEWEY DECIMAL CLASSIFICATION NUMBER
Classification number 629.89 SIE 2004
100 ## - MAIN ENTRY--PERSONAL NAME
Personal name Siegwart, Roland; Nourbakhsh, Illah R.
9 (RLIN) 12341
245 ## - TITLE STATEMENT
Title Introduction to Autonomous Mobile Robots
300 ## - PHYSICAL DESCRIPTION
Extent ix, 321p; ill: 24cm
504 ## - BIBLIOGRAPHY, ETC. NOTE
Bibliography, etc Bibliography, & index included
650 ## - SUBJECT ADDED ENTRY--TOPICAL TERM
Topical term or geographic name as entry element Mobile robots
9 (RLIN) 12342
942 ## - ADDED ENTRY ELEMENTS (KOHA)
Source of classification or shelving scheme Other/Generic Classification Scheme
Koha item type Book Bank
Holdings
Withdrawn status Lost status Source of classification or shelving scheme Damaged status Not for loan Home library Current library Date acquired Source of acquisition Inventory number Total Checkouts Full call number Barcode Date last seen Koha item type
    Dewey Decimal Classification     MUST Main Library MUST Main Library 16/01/2018   17/40328   629.89 SIE 2004 2018-0008 16/01/2018 Open Shelf
    Dewey Decimal Classification     MUST Main Library MUST Main Library 16/01/2018   17/40329   629.89 SIE 2004 2018-0009 16/01/2018 Open Shelf